Music Quiz

Random Music or Show Quiz
Score 0/11 Timer 04:00
0 Plays Today
Shows % Correct
Sound of Music
89%
Oklahoma!
87.6%
South Pacific
83.4%
Cinderella
81.8%
The King and I
76.6%
Carousel
75.2%
State Fair
62.8%
Flower Drum Song
46.2%
Allegro
31%
Pipe Dream
27.6%
Me and Juliet
19.3%
Remove Ads.
Support Sporcle.
Get the best of Sporcle when you Go Orange. This ad-free experience offers more features, more stats, and more fun while also helping to support Sporcle. Thank you for becoming a member.

You're not logged in!

Compare scores with friends on all Sporcle quizzes.
OR
Log In

Show Comments

Extras

Top Quizzes Today


Score Distribution

Your Account Isn't Verified!

In order to create a playlist on Sporcle, you need to verify the email address you used during registration. Go to your Sporcle Settings to finish the process.

Report this User

Report this user for behavior that violates our Community Guidelines.

Details: